000 01005nam a2200301Ia 4500
003 OSt
005 20221005092532.0
006 a|||||r|||| 00| 0
007 ta
008 221004b |||||||| |||| 00| 0 eng d
020 _a9781138916302
_cUKP 90.00
024 _a30106
037 _bBBS/85, 08/03/2017, Better Book Service
_cTextual
040 _aCRL
_cCRL
_beng
041 _2eng
_aeng
082 _aO111:g(W:S), Q6
100 _aAndrews Chris Ed.
_9436864
245 0 _aPost-conflict literature
_b human rights, peace, justice
260 _aNew York
_bRoutledge USA
_c2016
300 _aviii,252p.
_ccm.
490 _aRoutledge interdisciplinary perspectives on literature
650 _a HUMAN RIGHTS
650 _a PEACE
650 _aLITERATURE - HISTORY AND CRITICISM
_914970
700 _a McGuire Matt Ed.
_9436865
942 _hO111:g(W:S), Q6
_cTEXL
_2cc
999 _c998988
_d998988